000 00506nam a2200181Ia 4500
005 20250326141855.0
008 250326s9999 xx 000 0 und d
037 _aTextbook
040 _aFMSL
_beng
_cFMSL
041 _aeng
_2eng
084 _qFMSL
100 _aParker Charles
_9745207
245 0 _aInnovate through technology :Successful Strategies for management
_cParker Charles
260 _aLondon
_bLondon, Kagan Page
_c1989
300 _a128p
942 _cTB
999 _c1292387
_d1292387